Gaming Quiz

Random Gaming Quiz

Clash of clans troops Quiz Stats

 Plays Quiz not verified by Sporcle

Score 0/13 Timer 07:00
0 Plays Today
Hint Answer % Correct
First unit unlockedBarbarian
98.6%
A ranged femaleArcher
94.4%
Works for Gru in Despicable meMinion
85.9%
Solid stone Golem
83.1%
Masters of magicWizard
81.7%
Can leap over wallsHog rider
80.3%
They like dropping bombsBalloon
80.3%
A type of angelHealer
80.3%
Suicide bomberWall breaker
78.9%
Molten lavaLava hound
74.6%
Is in a lot of legendsDragon
64.8%
They are hugeGiants
63.4%
Is ranged but royalArcher queen
60.6%

You're not logged in!

Compare scores with friends on all Sporcle quizzes.
OR
Log In

Sporcle TV

Today on Sporcle TV


Watch our educational content, quiz creation guides, and fun videos on Sporcle TV.

Show Comments

Extras

Created Dec 15, 2014ReportNominate
Tags:clan, clash, troop

Top Quizzes Today


Score Distribution

Your Account Isn't Verified!

In order to create a playlist on Sporcle, you need to verify the email address you used during registration. Go to your Sporcle Settings to finish the process.

Report this User

Report this user for behavior that violates our Community Guidelines.

Details: